000 00774nam a22002057a 4500
999 _c63256
_d63256
005 20250708155148.0
008 250708s2022 en ||||| |||| 00| 0 eng d
020 _a9780393884852 X
041 _aeng
080 _a577.2:576.3 M-79
245 _aMolecular biology of the cell /
_cAlberts Bruce; Alexander Heald; David Morgan; Martin Raff; Roberts Keith; Peter Walter
250 _aseventh edition
264 _a New York :
_bNorton and Company,
_c2022.
300 _axxxviii, 1404 p. :
_b il. (color)
_c28 cm.
653 _aუჯრედის მოლეკულური ბიოლოგია
653 _a Biología , molecular Citología
700 _a Alberts, Bruce
_925629
700 _aHeald, Rebecca
_925628
_eდა სხვ
942 _2udc
_cBK